00261nam a2200109Ia 4500008004100000100001900041245002500060260003200085650001000117942000700127999001700134190216s9999||||xx |||||||||||||| ||und|| aIndira Goswamy 0aHindi- Chinna Mastha bBharatheeya Jyan Peedc2003 aHindi cBK c16141d16141